Homeopathy
| Main Author: | |
|---|---|
| Format: | Book |
| Language: | English |
| Published: |
London :
Dorling Kindersley ,
c2000
|
| Series: | 101 essential tips
|
| Subjects: |
MARC
| LEADER | 00000cam a2200000 7i4500 | ||
|---|---|---|---|
| 001 | 0000010869 | ||
| 005 | 20230623.0 | ||
| 008 | 030812 enk eng | ||
| 020 | |a 0751320021 (pbk) | ||
| 040 | |a INS | ||
| 090 | 0 | 0 | |a RX601 |b .L62 2000 |
| 100 | 1 | |a Lockie, Andrew | |
| 245 | 1 | 0 | |a Homeopathy |c Andrew Lockie |
| 260 | |a London : |b Dorling Kindersley , |c c2000 | ||
| 300 | |a 72 p. : |b col. ill ; |c 18 cm. | ||
| 440 | 0 | |a 101 essential tips | |
| 500 | |a Includes index | ||
| 650 | 0 | |a Homeopathy | |
| 650 | 0 | |a Homeopathy |x Materia medica and therapeutics | |
| 999 | |a 0000010397 |b BOOK |c Open Shelf |e Default branch | ||